| 000 | 00389nam a2200145Ia 4500 | ||
|---|---|---|---|
| 008 | 230312s9999||||xx |||||||||||||| ||und|| | ||
| 020 | _a8176355690 | ||
| 082 |
_a005.276 _bMAT-S |
||
| 100 | _aMatin,Joe | ||
| 245 | 0 | _aSams Teach Yourself ASP.Net Sams teach yourself ASP.NET in 24 hours | |
| 260 |
_bSams _aUSA _c2002 |
||
| 300 | _a456 | ||
| 650 |
_aComputer _vWebsites design |
||
| 942 | _cBK | ||
| 999 |
_c16676 _d16676 |
||